000 00313nam a22001337a 4500
008 181015b xxu||||| |||| 00| 0 eng d
020 _a9780078110245
041 _aeng
080 _26 ED
_a370
100 _a49
101 _aEDU
245 _arEMEDATION Reading Difficulties
_cCrawley.SH.J
942 _2udc
_cBK
999 _c49633
_d49633